000
00292nam a22001217a 4500
008
180213b xxu||||| |||| 00| 0 eng d
041
_a
eng
080
_a
33
100
_a
58
101
_a
BIZ
245
_a
Financial valuation: Businesses and business interests
_c
Zukin,J.H
942
_2
udc
_c
BK
999
_c
42421
_d
42421